Exposure to violence, substance use, and neighborhood context

Gespeichert in:  
Bibliographische Detailangaben
VerfasserInnen: Fagan, Abigail A. (Verfasst von) ; Pinchevsky, Gillian M. (Verfasst von) ; Wright, Emily M. (Verfasst von)
Medienart: Elektronisch Aufsatz
Sprache:Englisch
Veröffentlicht: 2015
In: Social science research
Jahr: 2015, Band: 49, Seiten: 314-326
Online-Zugang: Volltext (kostenfrei)
Verfügbarkeit prüfen: HBZ Gateway

MARC

LEADER 00000caa a22000002c 4500
001 1912553015
003 DE-627
005 20250115054954.0
007 cr uuu---uuuuu
008 241217s2015 xx |||||o 00| ||eng c
024 7 |a 10.1016/j.ssresearch.2014.08.015  |2 doi 
035 |a (DE-627)1912553015 
035 |a (DE-599)KXP1912553015 
040 |a DE-627  |b ger  |c DE-627  |e rda 
041 |a eng 
084 |a 2,1  |2 ssgn 
100 1 |a Fagan, Abigail A.  |e VerfasserIn  |0 (DE-588)1047258919  |0 (DE-627)777912937  |0 (DE-576)184724236  |4 aut 
109 |a Fagan, Abigail A.  |a Fagan, Abigail 
245 1 0 |a Exposure to violence, substance use, and neighborhood context 
264 1 |c 2015 
336 |a Text  |b txt  |2 rdacontent 
337 |a Computermedien  |b c  |2 rdamedia 
338 |a Online-Ressource  |b cr  |2 rdacarrier 
700 1 |a Pinchevsky, Gillian M.  |e VerfasserIn  |4 aut 
700 1 |a Wright, Emily M.  |e VerfasserIn  |0 (DE-588)143934856  |0 (DE-627)704648849  |0 (DE-576)339767898  |4 aut 
773 0 8 |i Enthalten in  |t Social science research  |d Orlando, Fla. : Academic Press, 1972  |g 49(2015), Seite 314-326  |h Online-Ressource  |w (DE-627)26812888X  |w (DE-600)1471780-3  |w (DE-576)104194065  |x 1096-0317  |7 nnas 
773 1 8 |g volume:49  |g year:2015  |g pages:314-326 
787 0 8 |i Forschungsdaten  |a Earls, Felton J.  |t Project on Human Development in Chicago Neighborhoods (PHDCN): Emotionality, Activity, Sociability, and Impulsivity Temperament Survey, Wave 1, 1994-1995  |d [Erscheinungsort nicht ermittelbar] : [Verlag nicht ermittelbar], 2005  |w (DE-627)1840061529 
787 0 8 |i Forschungsdaten  |a Earls, Felton J.  |t Project on Human Development in Chicago Neighborhoods (PHDCN): Routine Activities, Wave 2, 1997-2000  |d [Erscheinungsort nicht ermittelbar] : [Verlag nicht ermittelbar], 2006  |w (DE-627)1840058994 
787 0 8 |i Forschungsdaten  |a Earls, Felton J.  |t Project on Human Development in Chicago Neighborhoods (PHDCN): Master File, Wave 1, 1994-1997  |d [Erscheinungsort nicht ermittelbar] : [Verlag nicht ermittelbar], 2005  |w (DE-627)1840061448 
787 0 8 |i Forschungsdaten  |a Earls, Felton J.  |t Project on Human Development in Chicago Neighborhoods (PHDCN): Substance Use, Wave 3, 2000-2002  |d [Erscheinungsort nicht ermittelbar] : [Verlag nicht ermittelbar], 2006  |w (DE-627)1840058463 
787 0 8 |i Forschungsdaten  |a Earls, Felton J.  |t Project on Human Development in Chicago Neighborhoods: Community Survey, 1994-1995  |d [Erscheinungsort nicht ermittelbar] : [Verlag nicht ermittelbar], 1999  |w (DE-627)1840056819 
787 0 8 |i Forschungsdaten  |a Earls, Felton J.  |t Project on Human Development in Chicago Neighborhoods (PHDCN): My Exposure to Violence (Subject), Wave 2, 1997-2000  |d [Erscheinungsort nicht ermittelbar] : [Verlag nicht ermittelbar], 2005  |w (DE-627)1840063548 
856 |u https://www.ncbi.nlm.nih.gov/pmc/articles/4247853  |x unpaywall  |z Vermutlich kostenfreier Zugang  |h repository [deprecated] 
856 4 0 |u https://doi.org/10.1016/j.ssresearch.2014.08.015  |x Resolving-System  |z kostenfrei  |3 Volltext  |7 0 
935 |a mkri 
951 |a AR 
ELC |a 1 
LOK |0 000 xxxxxcx a22 zn 4500 
LOK |0 001 4637518512 
LOK |0 003 DE-627 
LOK |0 004 1912553015 
LOK |0 005 20241217044450 
LOK |0 008 241217||||||||||||||||ger||||||| 
LOK |0 035   |a (DE-2619)ICPSR116370 
LOK |0 040   |a DE-2619  |c DE-627  |d DE-2619 
LOK |0 092   |o n 
LOK |0 852   |a DE-2619 
LOK |0 852 1  |9 00 
LOK |0 935   |a nacp 
LOK |0 939   |a 17-12-24  |b l01 
OAS |a 1 
ORI |a SA-MARC-krimdoka001.raw